00618nam a2200181Ia 4500008004100000100002300041245010300064245004500167260003000212260000900242300003200251440003200283650002500315650003800340650001700378650002200395999001900417190422s9999 xx 000 0 und d aErasmus, Lourens J aInclusive accountancy programmes in South African higher education: A revised teaching approach / cLourens J. Erasmus and Houdini Fourie.-- bTaylor and Francis Group  c2018 apages 495-512, October 2018 aAccounting Educationv27(5) aAccounting Education aInclusive Accountancy Programmes  aSuccess Rate aTeaching Approach c361476d361476